भारतीय समाजातील समस्या व वाद (Record no. 1263279)

MARC details
000 -LEADER
fixed length control field 00743nam a2200193Ia 4500
008 - FIXED-LENGTH DATA ELEMENTS--GENERAL INFORMATION
fixed length control field 151121s9999||||xx |||||||||||||| ||und||
082 ## - DEWEY DECIMAL CLASSIFICATION NUMBER
Classification number 335/फाटक
082 ## - DEWEY DECIMAL CLASSIFICATION NUMBER
Item number HNW-114266
100 ## - MAIN ENTRY--PERSONAL NAME
Personal name फाटक संगीता
245 ## - TITLE STATEMENT
Title भारतीय समाजातील समस्या व वाद
260 ## - PUBLICATION, DISTRIBUTION, ETC. (IMPRINT)
Name of publisher, distributor, etc "डायमंड बुक स्टॉल, सांगली।"
260 ## - PUBLICATION, DISTRIBUTION, ETC. (IMPRINT)
Date of publication, distribution, etc 2013
300 ## - PHYSICAL DESCRIPTION
Extent 237
600 ## - SUBJECT ADDED ENTRY--PERSONAL NAME
Personal name फाटक संगीता
630 ## - SUBJECT ADDED ENTRY--UNIFORM TITLE
Uniform title भारतीय समाजातील समस्या व वाद
700 ## - ADDED ENTRY--PERSONAL NAME
Personal name फाटक संगीता
730 ## - ADDED ENTRY--UNIFORM TITLE
Uniform title भारतीय समाजातील समस्या व वाद
942 ## - ADDED ENTRY ELEMENTS (KOHA)
Koha item type Book
Holdings
Withdrawn status Lost status Damaged status Not for loan Home library Current library Date acquired Cost, normal purchase price Total Checkouts Full call number Barcode Date last seen Cost, replacement price Price effective from Koha item type
        Hirachand Nemchand Wachanalaya, Solapur Hirachand Nemchand Wachanalaya, Solapur 03/17/2014 275.00   HNW-114266 HNW-114266 11/21/2015 275.00 11/21/2015 Book